[Event "POL-chT 43rd"]
[Site "Jachranka"]
[Date "1987.??.??"]
[Round "3"]
[White "Borkowski, Franciszek"]
[Black "Pokojowczyk, Jerzy"]
[Result "1-0"]
[WhiteElo "2450"]
[BlackElo "2390"]
[PlyCount "78"]
[EventDate "1987.09.23"]
[EventType "team-tourn"]
[EventRounds "11"]
[EventCountry "POL"]
[SourceTitle "EXT 2019"]
[Source "ChessBase"]
[SourceDate "2018.10.10"]
[SourceVersion "1"]
[SourceVersionDate "2018.10.10"]
[SourceQuality "1"]
[WhiteTeam "Wroclaw Maraton"]
[BlackTeam "Bydgoszcz Chemik"]
[WhiteTeamCountry "POL"]
[BlackTeamCountry "POL"]

1. e4 d5 2. exd5 Qxd5 3. Nc3 Qa5 4. d4 Nf6 5. Bf4 Nc6 6. Bb5 Bg4 7. f3 Bf5 8. Qe2 0-0-0 9. Bxc6 bxc6 10. Qc4 Nd5 11. Bd2 e6 12. Nge2 Bb4 13. Qxc6 Kb8 14. a3 Bxc3 15. bxc3 Bxc2 16. Ra2 Qa4 17. Rb2+ Nb6 18. Qc5 Rd5 19. Qe7 Rd7 20. Qg5 f6 21. Qc5 Bd3 22. Nf4 Ba6 23. Kf2 e5 24. Ne6 Qc4 25. Qxc4 Bxc4 26. Nc5 Rd5 27. a4 Kc8 28. a5 Nd7 29. Nxd7 Kxd7 30. Rb4 Ba6 31. Be3 Rxa5 32. dxe5 Rxe5 33. Ra1 Bb5 34. Rxa7 Rhe8 35. Bf4 Re2+ 36. Kg3 Rc8 37. c4 Bc6 38. c5 Rc2 39. Rd4+ Ke6 1-0

[Event "POL-chT 43rd"]
[Site "Jachranka"]
[Date "1987.??.??"]
[Round "9"]
[White "Pokojowczyk, Jerzy"]
[Black "Jasnikowski, Zbigniew"]
[Result "1/2-1/2"]
[WhiteElo "2390"]
[BlackElo "2410"]
[PlyCount "44"]
[EventDate "1987.09.23"]
[EventType "team-tourn"]
[EventRounds "11"]
[EventCountry "POL"]
[SourceTitle "EXT 2019"]
[Source "ChessBase"]
[SourceDate "2018.10.10"]
[SourceVersion "1"]
[SourceVersionDate "2018.10.10"]
[SourceQuality "1"]
[WhiteTeam "Bydgoszcz Chemik"]
[BlackTeam "Wroclaw Politechnika"]
[WhiteTeamCountry "POL"]
[BlackTeamCountry "POL"]

1. e4 c5 2. Nf3 e6 3. d4 cxd4 4. Nxd4 a6 5. Bd3 Nf6 6. 0-0 Qc7 7. c4 Nc6 8. Nxc6 dxc6 9. Be3 e5 10. f3 Nd7 11. Qd2 Bc5 12. Nc3 0-0 13. Na4 Bxe3+ 14. Qxe3 Qa5 15. Bc2 b5 16. cxb5 axb5 17. Nc3 b4 18. Na4 Ba6 19. Rfd1 Rfd8 20. a3 Bc4 21. axb4 Qxb4 22. Qc3 Qxc3 1/2-1/2

[Event "Myslenice"]
[Site "Myslenice"]
[Date "1987.??.??"]
[Round "6"]
[White "Sendera, Jaroslaw"]
[Black "Pokojowczyk, Jerzy"]
[Result "1-0"]
[WhiteElo "2340"]
[BlackElo "2400"]
[PlyCount "109"]
[EventDate "1987.??.??"]
[EventType "tourn"]
[EventRounds "11"]
[EventCountry "POL"]
[EventCategory "6"]
[SourceTitle "EXT 1997"]
[Source "ChessBase"]
[SourceDate "1996.11.15"]
[SourceVersion "1"]
[SourceVersionDate "1996.11.15"]
[SourceQuality "1"]

1. e4 c5 2. Nf3 e6 3. d4 cxd4 4. Nxd4 Nf6 5. Nc3 Bb4 6. e5 Nd5 7. Qg4 0-0 8. Bd2 d6 9. exd6 Nxc3 10. bxc3 Bxd6 11. Bd3 g6 12. Qe2 e5 13. Nf3 e4 14. Bxe4 Re8 15. 0-0 Bf5 16. Ng5 h6 17. Nxf7 Kxf7 18. Qc4+ Kg7 19. Bxb7 Nd7 20. Bxa8 Qxa8 21. Rfe1 Nf6 22. Qd4 Rxe1+ 23. Rxe1 Qb8 24. Bxh6+ Kxh6 25. Qxf6 Bxh2+ 26. Kh1 Bd6 27. c4 Qf8 28. Qh4+ Kg7 29. Rd1 Be7 30. Qd4+ Kg8 31. Qxa7 Bd6 32. Kg1 Bxc2 33. Rd2 Bf5 34. Qb7 Bc5 35. Qd5+ Kg7 36. Rb2 Kh6 37. a4 Qf6 38. Rd2 Qa1+ 39. Rd1 Qa3 40. Qd2+ Kg7 41. a5 Be6 42. Rb1 Kf7 43. Qf4+ Kg8 44. Qf6 Bf7 45. a6 Ba7 46. Rd1 Be8 47. Qd8 Qf8 48. Rd2 Bc5 49. Qc7 Qh6 50. Qxc5 Qxd2 51. a7 Qc1+ 52. Kh2 Qf4+ 53. g3 Qh6+ 54. Kg2 Qh5 55. Qxh5 1-0

[Event "POL-chT 42nd"]
[Site "Porabka"]
[Date "1986.10.??"]
[Round "7"]
[White "Pokojowczyk, Jerzy"]
[Black "Dejkalo, Stefan"]
[Result "1/2-1/2"]
[WhiteElo "2405"]
[BlackElo "2450"]
[PlyCount "89"]
[EventDate "1986.10.18"]
[EventType "team-tourn"]
[EventRounds "11"]
[EventCountry "POL"]
[SourceTitle "EXT 2019"]
[Source "ChessBase"]
[SourceDate "2018.10.10"]
[SourceVersion "1"]
[SourceVersionDate "2018.10.10"]
[SourceQuality "1"]
[WhiteTeam "Bydgoszcz Chemik"]
[BlackTeam "Warszawa Polonia"]
[WhiteTeamCountry "POL"]
[BlackTeamCountry "POL"]

1. e4 c6 2. d4 d5 3. exd5 cxd5 4. c4 Nf6 5. Nc3 e6 6. Nf3 Bb4 7. Bd3 dxc4 8. Bxc4 0-0 9. 0-0 b6 10. Qb3 Bxc3 11. bxc3 Bb7 12. Ne5 Nc6 13. Nxc6 Bxc6 14. Bxe6 Bxg2 15. Kxg2 fxe6 16. Qxe6+ Kh8 17. Bf4 Nd5 18. Bd2 Rc8 19. Rac1 b5 20. Rfe1 Rf6 21. Qh3 Qc7 22. Re6 Rf7 23. Rce1 Rcf8 24. R1e2 Qc8 25. Qg3 Kg8 26. Kg1 Qc4 27. a3 Rf3 28. Qe5 R3f5 29. Qg3 Rf3 30. Qe5 Nxc3 31. Bxc3 Qxc3 32. Re7 Qc1+ 33. Kg2 R3f7 34. Rxf7 Rxf7 35. Qxb5 Rf8 36. Qd5+ Kh8 37. Qf5 Qxa3 38. Qe4 h6 39. d5 Qd6 40. Qe6 Rd8 41. Re5 a5 42. Qxd6 Rxd6 43. Kf3 Kg8 44. Ke4 Ra6 45. d6 1/2-1/2

[Event "POL-chT 42nd"]
[Site "Porabka"]
[Date "1986.10.??"]
[Round "1"]
[White "Pokojowczyk, Jerzy"]
[Black "Matlak, Marek"]
[Result "1/2-1/2"]
[WhiteElo "2405"]
[BlackElo "2375"]
[PlyCount "117"]
[EventDate "1986.10.18"]
[EventType "team-tourn"]
[EventRounds "11"]
[EventCountry "POL"]
[SourceTitle "EXT 2019"]
[Source "ChessBase"]
[SourceDate "2018.10.10"]
[SourceVersion "1"]
[SourceVersionDate "2018.10.10"]
[SourceQuality "1"]
[WhiteTeam "Bydgoszcz Chemik"]
[BlackTeam "Bielsko-Biala Wlokniarz"]
[WhiteTeamCountry "POL"]
[BlackTeamCountry "POL"]

1. e4 e6 2. d4 d5 3. Nd2 Nf6 4. e5 Nfd7 5. c3 c5 6. Bd3 Nc6 7. Ne2 Qb6 8. Nf3 cxd4 9. cxd4 f6 10. exf6 Nxf6 11. 0-0 Bd6 12. Re1 0-0 13. h3 Kh8 14. a3 Bd7 15. b4 e5 16. dxe5 Nxe5 17. Nxe5 Bxe5 18. Be3 d4 19. Bf4 Bxf4 20. Nxf4 Rae8 21. Qf3 Bc6 22. Qg3 Be4 23. Bc4 Bf5 24. Rxe8 Rxe8 25. Qg5 Qc7 26. Qxf5 Qxc4 27. Rd1 Qc3 28. Kh2 Qxa3 29. Rxd4 Qa2 30. Nd3 Kg8 31. f4 h6 32. Ne5 Qe6 33. Qd3 Qb6 34. Rd6 Qc7 35. Rxf6 Rxe5 36. Qb3+ Kh7 37. Rf8 Re7 38. Qg8+ Kg6 39. Qd5 Kh7 40. Qf5+ g6 41. Qf6 Rg7 42. Qe6 h5 43. Qe8 Kh6 44. Rf6 Kh7 45. Rf8 Kh6 46. Rf6 Kh7 47. Qe4 a6 48. Re6 Kh6 49. g4 hxg4 50. hxg4 Kh7 51. Kg2 Qc3 52. Rd6 Qb2+ 53. Kg3 Qc3+ 54. Rd3 Qa1 55. Rd2 Qc3+ 56. Rd3 Qa1 57. Kg2 Rc7 58. Rd2 Qc3 59. Re2 1/2-1/2

[Event "POL-chT 42nd"]
[Site "Porabka"]
[Date "1986.10.??"]
[Round "8"]
[White "Pokojowczyk, Jerzy"]
[Black "Nowak, Ignacy"]
[Result "1/2-1/2"]
[WhiteElo "2405"]
[BlackElo "2290"]
[PlyCount "110"]
[EventDate "1986.10.18"]
[EventType "team-tourn"]
[EventRounds "11"]
[EventCountry "POL"]
[SourceTitle "EXT 2019"]
[Source "ChessBase"]
[SourceDate "2018.10.10"]
[SourceVersion "1"]
[SourceVersionDate "2018.10.10"]
[SourceQuality "1"]
[WhiteTeam "Bydgoszcz Chemik"]
[BlackTeam "Poznan Pocztowiec"]
[WhiteTeamCountry "POL"]
[BlackTeamCountry "POL"]

1. e4 c5 2. Nf3 e6 3. d4 cxd4 4. Nxd4 Nf6 5. Nc3 d6 6. g4 h6 7. h4 Nc6 8. Rg1 h5 9. gxh5 Nxh5 10. Bg5 Nf6 11. Qd2 Qb6 12. Nb3 Bd7 13. Be2 a6 14. 0-0-0 Qc7 15. h5 Nxh5 16. Rh1 g6 17. Bxh5 gxh5 18. Qe2 Be7 19. Bxe7 Nxe7 20. Rxh5 Rxh5 21. Qxh5 Ng6 22. Qh2 e5 23. Nd5 Qd8 24. f4 Bc6 25. f5 Bxd5 26. fxg6 Bxb3 27. axb3 fxg6 28. Qh8+ Kd7 29. Qxe5 Qe7 30. Qd5 Kc7 31. Qc4+ Kb6 32. Rg1 Qf6 33. Rf1 Qg5+ 34. Kb1 Qc5 35. Qe6 Rc8 36. c3 g5 37. Rf5 Qg1+ 38. Ka2 Rc6 39. Qe7 Ka7 40. Rxg5 Qe3 41. Rd5 Qf4 42. Rd4 Rb6 43. Rc4 Rb5 44. b4 Qe5 45. Qxe5 Rxe5 46. Rd4 Kb8 47. Kb3 Kc7 48. Kc4 Rh5 49. Rd2 Kc6 50. Kd4 d5 51. e5 Rh4+ 52. Kd3 Rh3+ 53. Kd4 Rh4+ 54. Kd3 Rh3+ 55. Ke2 Rh5 1/2-1/2

[Event "POL-chT 42nd"]
[Site "Porabka"]
[Date "1986.10.??"]
[Round "3"]
[White "Pokojowczyk, Jerzy"]
[Black "Stempin, Pawel"]
[Result "1/2-1/2"]
[WhiteElo "2405"]
[BlackElo "2420"]
[PlyCount "67"]
[EventDate "1986.10.18"]
[EventType "team-tourn"]
[EventRounds "11"]
[EventCountry "POL"]
[SourceTitle "EXT 2019"]
[Source "ChessBase"]
[SourceDate "2018.10.10"]
[SourceVersion "1"]
[SourceVersionDate "2018.10.10"]
[SourceQuality "1"]
[WhiteTeam "Bydgoszcz Chemik"]
[BlackTeam "Poznan Lech"]
[WhiteTeamCountry "POL"]
[BlackTeamCountry "POL"]

1. c4 c5 2. Nf3 Nf6 3. g3 b6 4. Bg2 Bb7 5. 0-0 e6 6. Nc3 a6 7. d4 cxd4 8. Qxd4 d6 9. b3 Nbd7 10. Bb2 Be7 11. Rad1 0-0 12. Ng5 Bxg2 13. Kxg2 Qc7 14. Nce4 h6 15. Nf3 Rfd8 16. Rc1 Nc5 17. Nxf6+ Bxf6 18. Qd2 Ne4 19. Qc2 Bxb2 20. Qxb2 Qb7 21. Rfd1 b5 22. Rd4 b4 23. Qc2 f5 24. Kg1 Qb6 25. Rxe4 fxe4 26. Qxe4 d5 27. Qg6 Rac8 28. c5 Rxc5 29. Rxc5 Qxc5 30. Qxe6+ Kh7 31. Qf5+ Kg8 32. Qe6+ Kh7 33. Qf5+ Kg8 34. Qe6+ 1/2-1/2

[Event "POL-ch 43rd"]
[Site "Bytom"]
[Date "1986.??.??"]
[Round "13"]
[White "Adamski, Jan"]
[Black "Pokojowczyk, Jerzy"]
[Result "1/2-1/2"]
[WhiteElo "2380"]
[BlackElo "2380"]
[PlyCount "42"]
[EventDate "1986.02.02"]
[EventType "tourn"]
[EventRounds "15"]
[EventCountry "POL"]
[EventCategory "6"]
[SourceTitle "MCL"]
[Source "ChessBase"]
[SourceDate "1999.07.01"]
[SourceVersion "1"]
[SourceVersionDate "1999.07.01"]
[SourceQuality "1"]

1. d4 Nf6 2. Nf3 e6 3. g3 b5 4. Bg2 Bb7 5. 0-0 c5 6. Bg5 Na6 7. c3 Be7 8. Qd3 c4 9. Qc2 Rc8 10. Nbd2 Bxf3 11. Nxf3 0-0 12. e4 h6 13. e5 Nd5 14. Bxe7 Nxe7 15. Nh4 Qb6 16. f4 f5 17. exf6 Rxf6 18. Rae1 Rcf8 19. Bh3 Nc7 20. f5 Nxf5 21. Nxf5 exf5 1/2-1/2

[Event "POL-ch 43rd"]
[Site "Bytom"]
[Date "1986.??.??"]
[Round "4"]
[White "Dybowski, Jerzy"]
[Black "Pokojowczyk, Jerzy"]
[Result "1/2-1/2"]
[WhiteElo "2365"]
[BlackElo "2380"]
[PlyCount "32"]
[EventDate "1986.02.02"]
[EventType "tourn"]
[EventRounds "15"]
[EventCountry "POL"]
[EventCategory "6"]
[SourceTitle "MCL"]
[Source "ChessBase"]
[SourceDate "1999.07.01"]
[SourceVersion "1"]
[SourceVersionDate "1999.07.01"]
[SourceQuality "1"]

1. d4 Nf6 2. c4 e6 3. Nf3 b6 4. Bf4 Bb7 5. e3 Bb4+ 6. Nfd2 0-0 7. a3 Be7 8. Nc3 d5 9. cxd5 exd5 10. Bd3 c5 11. 0-0 Nbd7 12. Rc1 a6 13. Re1 Re8 14. Bb1 Nf8 15. dxc5 bxc5 16. e4 Ne6 1/2-1/2

[Event "Tapolca"]
[Site "Budapest"]
[Date "1986.??.??"]
[Round "1"]
[White "Morvay, Miklos"]
[Black "Pokojowczyk, Jerzy"]
[Result "1-0"]
[WhiteElo "2270"]
[BlackElo "2380"]
[PlyCount "63"]
[EventDate "1986.03.24"]
[EventType "tourn"]
[EventRounds "15"]
[EventCountry "HUN"]
[EventCategory "4"]
[SourceTitle "EXT 2008"]
[Source "ChessBase"]
[SourceDate "2007.11.25"]
[SourceVersion "1"]
[SourceVersionDate "2007.11.25"]
[SourceQuality "1"]

1. e4 e5 2. Nc3 Be7 3. Bc4 Nf6 4. d3 c6 5. f4 d5 6. exd5 exf4 7. dxc6 Nxc6 8. Bxf4 0-0 9. Qd2 Nd4 10. Nge2 b5 11. Bxb5 Bb4 12. Nxd4 Qxd4 13. Be3 Qe5 14. d4 Qh5 15. Bc6 Rb8 16. 0-0 Ba6 17. Bf3 Qa5 18. Rfb1 Rbc8 19. Bf2 Rfd8 20. h3 h6 21. Kh1 Rxc3 22. bxc3 Bxc3 23. Qd1 Qc7 24. Rc1 Bxa1 25. Rxa1 Qc3 26. Rc1 Bc4 27. Qe1 Qa3 28. c3 Qxa2 29. Ra1 Qc2 30. Bh4 Re8 31. Qg3 Qxc3 32. Rd1 1-0

[Event "Balatonbereny op"]
[Site "Balatonbereny"]
[Date "1986.??.??"]
[Round "3"]
[White "Pokojowczyk, Jerzy"]
[Black "Chernikov, Oleg L"]
[Result "0-1"]
[WhiteElo "2380"]
[BlackElo "2460"]
[PlyCount "74"]
[EventDate "1986.09.24"]
[EventType "swiss"]
[EventRounds "11"]
[EventCountry "HUN"]
[SourceTitle "EXT 2004"]
[Source "ChessBase"]
[SourceDate "2003.11.25"]
[SourceVersion "1"]
[SourceVersionDate "2003.11.25"]
[SourceQuality "1"]

1. e4 c5 2. Nf3 Nc6 3. d4 cxd4 4. Nxd4 Nf6 5. Nc3 d6 6. Bg5 g6 7. Bxf6 exf6 8. Bb5 Bd7 9. 0-0 Bg7 10. Nde2 Be6 11. Ba4 0-0 12. Nd5 f5 13. exf5 Bxf5 14. c3 Rb8 15. Re1 b5 16. Bb3 a5 17. a3 h5 18. Ng3 Bg4 19. Qd2 b4 20. axb4 axb4 21. cxb4 Be6 22. Ra6 Nd4 23. Ba2 h4 24. Ne2 Nxe2+ 25. Rxe2 h3 26. gxh3 Qh4 27. Rxd6 Rbd8 28. Rdxe6 fxe6 29. Rxe6 Qh5 30. Qd3 Kh7 31. Qe4 Rf5 32. Ne3 Rg5+ 33. Kf1 Qxh3+ 34. Ke2 Qh5+ 35. Kf1 Rd4 36. Qc2 Qxh2 37. Re8 Rg1+ 0-1

[Event "POL-ch 43rd"]
[Site "Bytom"]
[Date "1986.??.??"]
[Round "3"]
[White "Pokojowczyk, Jerzy"]
[Black "Czerwonski, Aleksander"]
[Result "1-0"]
[WhiteElo "2380"]
[BlackElo "2320"]
[PlyCount "145"]
[EventDate "1986.02.02"]
[EventType "tourn"]
[EventRounds "15"]
[EventCountry "POL"]
[EventCategory "6"]
[SourceTitle "EXT 2003"]
[Source "ChessBase"]
[SourceDate "2002.11.25"]
[SourceVersion "1"]
[SourceVersionDate "2002.11.25"]
[SourceQuality "1"]

1. e4 e5 2. Nf3 Nc6 3. Bb5 a6 4. Ba4 Nf6 5. 0-0 Be7 6. Re1 b5 7. Bb3 d6 8. c3 0-0 9. h3 Re8 10. Ng5 Rf8 11. Nf3 Bb7 12. d4 Re8 13. Nbd2 Bf8 14. Bc2 h6 15. d5 Nb8 16. b3 c6 17. c4 Nbd7 18. a4 bxc4 19. bxc4 a5 20. Nf1 Qc7 21. Ne3 Reb8 22. Nd2 Ba6 23. Nb3 c5 24. Bd2 Rb4 25. Bd3 Bc8 26. Bxb4 cxb4 27. c5 Nxc5 28. Nxc5 Qxc5 29. Rc1 Qa7 30. Bb5 Bd7 31. Bxd7 Nxd7 32. Rc6 Nb8 33. Rc8 Nd7 34. Rc6 Nb8 35. Rc8 Nd7 36. Rxa8 Qxa8 37. Nc4 Nc5 38. Nb2 Qa6 39. Qe2 Qxe2 40. Rxe2 Be7 41. Kf1 Bg5 42. Nc4 Nxa4 43. Ra2 Nc5 44. Rxa5 Nxe4 45. f3 Ng3+ 46. Ke1 Nf5 47. Rb5 Ne3 48. Nxe3 Bxe3 49. Rxb4 g6 50. Ke2 Bc5 51. Rb7 Kg7 52. Kd3 Kf8 53. Kc4 h5 54. Kd3 f5 55. g4 hxg4 56. hxg4 Ba3 57. Rh7 Bc5 58. Kc4 Kg8 59. Re7 Kf8 60. Re6 Kf7 61. Kd3 Ba3 62. Kc4 Bc5 63. Kb5 Kg7 64. Kc6 Bb4 65. g5 Kf7 66. Kd7 Bc5 67. Re7+ Kf8 68. Ke6 e4 69. fxe4 fxe4 70. Kd7 e3 71. Re4 Kf7 72. Re6 Kg7 73. Ke8 1-0

[Event "Tapolca"]
[Site "Budapest"]
[Date "1986.??.??"]
[Round "11"]
[White "Pokojowczyk, Jerzy"]
[Black "Egedi, Istvan"]
[Result "1-0"]
[WhiteElo "2380"]
[BlackElo "2380"]
[PlyCount "61"]
[EventDate "1986.03.24"]
[EventType "tourn"]
[EventRounds "15"]
[EventCountry "HUN"]
[EventCategory "4"]
[SourceTitle "EXT 2008"]
[Source "ChessBase"]
[SourceDate "2007.11.25"]
[SourceVersion "1"]
[SourceVersionDate "2007.11.25"]
[SourceQuality "1"]

1. e4 e5 2. Nf3 Nc6 3. Bb5 a6 4. Ba4 Nf6 5. 0-0 Be7 6. Bxc6 dxc6 7. d3 Nd7 8. Nbd2 c5 9. Nc4 Bd6 10. b3 0-0 11. Bb2 Qe7 12. a4 b6 13. g3 Bb7 14. Nh4 g6 15. Qg4 Rae8 16. f4 h5 17. Qh3 Bc8 18. f5 Kh7 19. Ne3 Nf6 20. Nf3 Kg7 21. Qh4 Nh7 22. Qh3 Ng5 23. Qg2 Nxf3+ 24. Rxf3 Kh7 25. Raf1 g5 26. Qh3 h4 27. gxh4 gxh4 28. Nd5 Qg5+ 29. Rg3 Qd8 30. Rf4 exf4 31. Qg4 1-0

[Event "Tapolca"]
[Site "Budapest"]
[Date "1986.??.??"]
[Round "9"]
[White "Pokojowczyk, Jerzy"]
[Black "Gross, Stefan"]
[Result "1-0"]
[WhiteElo "2380"]
[BlackElo "2410"]
[PlyCount "49"]
[EventDate "1986.03.24"]
[EventType "tourn"]
[EventRounds "15"]
[EventCountry "HUN"]
[EventCategory "4"]
[SourceTitle "EXT 2008"]
[Source "ChessBase"]
[SourceDate "2007.11.25"]
[SourceVersion "1"]
[SourceVersionDate "2007.11.25"]
[SourceQuality "1"]

1. e4 c5 2. Nf3 d6 3. d4 cxd4 4. Nxd4 e6 5. c4 Nf6 6. Nc3 Nc6 7. Be2 Be7 8. 0-0 0-0 9. Be3 Bd7 10. Qd2 Nxd4 11. Qxd4 Bc6 12. Rfd1 Qb8 13. f3 Rd8 14. b4 b6 15. a3 Ne8 16. Rac1 Bb7 17. Qd2 Qc7 18. Nb5 Qc6 19. Bf2 Nc7 20. a4 Qd7 21. c5 bxc5 22. bxc5 Nxb5 23. axb5 Bc8 24. c6 Qc7 25. Qa2 1-0

[Event "POL-ch 43rd"]
[Site "Bytom"]
[Date "1986.??.??"]
[Round "1"]
[White "Pokojowczyk, Jerzy"]
[Black "Kuczynski, Robert"]
[Result "1/2-1/2"]
[WhiteElo "2380"]
[BlackElo "2410"]
[PlyCount "130"]
[EventDate "1986.02.02"]
[EventType "tourn"]
[EventRounds "15"]
[EventCountry "POL"]
[EventCategory "6"]
[SourceTitle "MCL"]
[Source "ChessBase"]
[SourceDate "1999.07.01"]
[SourceVersion "1"]
[SourceVersionDate "1999.07.01"]
[SourceQuality "1"]

1. e4 c5 2. Nf3 d6 3. d4 cxd4 4. Nxd4 Nf6 5. Nc3 a6 6. Be2 e5 7. Nb3 Be7 8. 0-0 0-0 9. Be3 Be6 10. Qd2 Nbd7 11. Rfd1 Qc7 12. a4 Nc5 13. Nxc5 dxc5 14. Nd5 Bxd5 15. exd5 Bd6 16. c4 a5 17. Qc2 e4 18. g3 Rae8 19. Rf1 h5 20. Rae1 h4 21. Kg2 Nh7 22. f4 exf3+ 23. Rxf3 Nf6 24. Bd3 Ng4 25. Bd2 Rxe1 26. Bxe1 Qe7 27. Bd2 hxg3 28. hxg3 Qe5 29. Qc1 Re8 30. Bc3 Qh5 31. Qh1 Qxh1+ 32. Kxh1 b6 33. Kg1 g6 34. b3 f5 35. Bf1 Re3 36. Kg2 Rxf3 37. Kxf3 Nh2+ 38. Kg2 Nxf1 39. Kxf1 Bxg3 40. Bf6 Bc7 41. Be7 Kf7 42. d6 Bb8 43. Bd8 Ba7 44. Kg2 Ke8 45. Bc7 Kd7 46. Kf3 g5 47. Ke3 Kc8 48. Kf3 Kb7 49. Bd8 g4+ 50. Ke3 Bb8 51. d7 Kc6 52. Bxb6 Kxd7 53. Bxa5 f4+ 54. Kf2 Ke6 55. Bb6 Kd6 56. Ba5 Ke5 57. Bb6 Kd6 58. Ba5 Ke5 59. Bb6 Ke4 60. a5 g3+ 61. Kf1 f3 62. Bxc5 g2+ 63. Kg1 Kd3 64. Kf2 Ke4 65. Kg1 Kd3 1/2-1/2

[Event "Balatonbereny op"]
[Site "Balatonbereny"]
[Date "1986.??.??"]
[Round "7"]
[White "Pokojowczyk, Jerzy"]
[Black "Pribyl, Josef"]
[Result "0-1"]
[WhiteElo "2380"]
[BlackElo "2415"]
[PlyCount "80"]
[EventDate "1986.09.24"]
[EventType "swiss"]
[EventRounds "11"]
[EventCountry "HUN"]
[SourceTitle "EXT 2004"]
[Source "ChessBase"]
[SourceDate "2003.11.25"]
[SourceVersion "1"]
[SourceVersionDate "2003.11.25"]
[SourceQuality "1"]

1. e4 d6 2. d4 Nf6 3. Nc3 c6 4. Bg5 Qa5 5. Qd2 Nbd7 6. f3 e5 7. Nge2 Be7 8. Be3 b5 9. Nc1 a6 10. a4 b4 11. Nd1 d5 12. Nf2 0-0 13. Nb3 Qc7 14. Bd3 Bd6 15. exd5 Nxd5 16. Ne4 Nxe3 17. Qxe3 exd4 18. Qxd4 Be7 19. Qe3 Re8 20. 0-0-0 Bb7 21. Rhe1 c5 22. Ned2 Nf6 23. Nc4 a5 24. Qe5 Qxe5 25. Rxe5 Bc6 26. Nxc5 Bf8 27. Rxe8 Rxe8 28. Nb3 Bxa4 29. Ncxa5 Ra8 30. g3 g6 31. Bf1 h5 32. Kd2 Bh6+ 33. f4 h4 34. Ke2 Rc8 35. Rc1 Ng4 36. Bh3 Re8+ 37. Kf3 Nxh2+ 38. Kf2 hxg3+ 39. Kxg3 Re3+ 40. Kxh2 Bxf4+ 0-1

[Event "Tapolca"]
[Site "Budapest"]
[Date "1986.??.??"]
[Round "15"]
[White "Pokojowczyk, Jerzy"]
[Black "Pribyl, Josef"]
[Result "1/2-1/2"]
[WhiteElo "2380"]
[BlackElo "2415"]
[PlyCount "21"]
[EventDate "1986.03.24"]
[EventType "tourn"]
[EventRounds "15"]
[EventCountry "HUN"]
[EventCategory "4"]
[SourceTitle "EXT 2008"]
[Source "ChessBase"]
[SourceDate "2007.11.25"]
[SourceVersion "1"]
[SourceVersionDate "2007.11.25"]
[SourceQuality "1"]

1. e4 d6 2. d4 Nf6 3. Nc3 c6 4. Be2 g6 5. Nf3 Bg7 6. 0-0 0-0 7. h3 Nbd7 8. Be3 e5 9. dxe5 dxe5 10. Qd2 Qe7 11. Rfd1 1/2-1/2

[Event "Tapolca"]
[Site "Budapest"]
[Date "1986.??.??"]
[Round "12"]
[White "Samovojska, Damir"]
[Black "Pokojowczyk, Jerzy"]
[Result "1/2-1/2"]
[WhiteElo "2390"]
[BlackElo "2380"]
[PlyCount "25"]
[EventDate "1986.03.24"]
[EventType "tourn"]
[EventRounds "15"]
[EventCountry "HUN"]
[EventCategory "4"]
[SourceTitle "EXT 2008"]
[Source "ChessBase"]
[SourceDate "2007.11.25"]
[SourceVersion "1"]
[SourceVersionDate "2007.11.25"]
[SourceQuality "1"]

1. d4 Nf6 2. Nf3 e6 3. Bf4 c5 4. c3 Qb6 5. Qb3 Nc6 6. e3 cxd4 7. exd4 Be7 8. Nbd2 d5 9. Bd3 Qxb3 10. axb3 0-0 11. h3 Bd7 12. 0-0 a6 13. Ne5 1/2-1/2

[Event "Tapolca"]
[Site "Budapest"]
[Date "1986.??.??"]
[Round "3"]
[White "Sugar, Karoly"]
[Black "Pokojowczyk, Jerzy"]
[Result "0-1"]
[WhiteElo "2220"]
[BlackElo "2380"]
[PlyCount "93"]
[EventDate "1986.03.24"]
[EventType "tourn"]
[EventRounds "15"]
[EventCountry "HUN"]
[EventCategory "4"]
[SourceTitle "EXT 2008"]
[Source "ChessBase"]
[SourceDate "2007.11.25"]
[SourceVersion "1"]
[SourceVersionDate "2007.11.25"]
[SourceQuality "1"]

1. e4 c5 2. c3 d6 3. d4 Nd7 4. Be3 g6 5. dxc5 dxc5 6. Na3 Ngf6 7. f3 Bg7 8. e5 Nxe5 9. Qxd8+ Kxd8 10. 0-0-0+ Kc7 11. Nc4 Nfd7 12. Nh3 Nxc4 13. Bxc4 Ne5 14. Rd5 Bxh3 15. Rxc5+ Nc6 16. gxh3 Be5 17. Bh6 e6 18. Be2 Rhd8 19. Rc4 Rd7 20. b4 a6 21. a4 b5 22. f4 bxc4 23. fxe5 Kd8 24. Bg5+ Ke8 25. Bf6 Ne7 26. Kc2 a5 27. Bxc4 Rc7 28. Bb5+ Kf8 29. Bxe7+ Kxe7 30. Kb3 axb4 31. Kxb4 Rd8 32. c4 Rd2 33. Ra1 Kd8 34. a5 Kc8 35. a6 Kb8 36. Kc3 Rxh2 37. Rd1 Ka7 38. Rd3 Kb6 39. Rd6+ Kc5 40. Kb3 Rxh3+ 41. Ka4 Rh1 42. Ka5 Ra1+ 43. Ba4 h5 44. Rd8 Kxc4 45. Kb6 Rxa4 46. Kxc7 Rxa6 47. Kd7 0-1

[Event "POL-ch42"]
[Site "Gdynia"]
[Date "1985.02.15"]
[Round "9"]
[White "Pokojowczyk, Jerzy"]
[Black "Zolnierowicz, Krzysztof"]
[Result "0-1"]
[WhiteElo "2405"]
[BlackElo "2270"]
[PlyCount "84"]
[EventDate "1985.02.07"]
[EventType "tourn"]
[EventRounds "15"]
[EventCountry "POL"]
[EventCategory "5"]
[SourceTitle "EXT 2001"]
[Source "ChessBase"]
[SourceDate "2000.11.22"]
[SourceVersion "1"]
[SourceVersionDate "2000.11.22"]
[SourceQuality "1"]

1. e4 e5 2. Nf3 Nc6 3. Bc4 Nf6 4. d3 Bc5 5. Bb3 0-0 6. 0-0 d6 7. c3 Bg4 8. Nbd2 h6 9. h3 Bh5 10. Re1 Nh7 11. Nf1 Qf6 12. Ng3 Bxf3 13. Qxf3 Qxf3 14. gxf3 Ng5 15. Kg2 Ne6 16. Ne2 g5 17. h4 Nf4+ 18. Nxf4 gxf4 19. Rg1 Kg7 20. Kf1+ Kf6 21. Bd2 Rg8 22. Ke2 Ne7 23. Rg4 h5 24. Rxg8 Rxg8 25. Rh1 Ng6 26. a4 Bb6 27. Ba2 c6 28. b4 Bd8 29. d4 Kg7 30. dxe5 dxe5 31. c4 Bxh4 32. Bc3 Rd8 33. c5 Rd7 34. b5 Kh6 35. bxc6 bxc6 36. Bc4 Bf6 37. Rb1 Kg7 38. Ba6 Be7 39. Bc8 Rd8 40. Bf5 Kf6 41. Rb4 Nh4 42. Bh3 Nxf3 0-1

[Event "POL-ch42"]
[Site "Gdynia"]
[Date "1985.02.10"]
[Round "4"]
[White "Pokojowczyk, Jerzy"]
[Black "Sygulski, Boguslaw"]
[Result "0-1"]
[WhiteElo "2405"]
[BlackElo "2270"]
[PlyCount "58"]
[EventDate "1985.02.07"]
[EventType "tourn"]
[EventRounds "15"]
[EventCountry "POL"]
[EventCategory "5"]
[SourceTitle "EXT 2001"]
[Source "ChessBase"]
[SourceDate "2000.11.22"]
[SourceVersion "1"]
[SourceVersionDate "2000.11.22"]
[SourceQuality "1"]

1. e4 e5 2. Nf3 Nc6 3. Bb5 a6 4. Ba4 Nf6 5. 0-0 Be7 6. Re1 b5 7. Bb3 0-0 8. a4 Bb7 9. d3 d6 10. Nc3 b4 11. Ne2 Na5 12. Ba2 b3 13. cxb3 c5 14. b4 cxb4 15. Bd2 Qb6 16. Be3 Qd8 17. Ng3 Rb8 18. Bd2 Bc8 19. d4 Bg4 20. h3 Bxf3 21. Qxf3 Nc6 22. d5 Nd4 23. Qd1 Nd7 24. Be3 b3 25. Bb1 Bf6 26. Nh5 g6 27. Nxf6+ Qxf6 28. Qd2 Rfc8 29. Rc1 Rxc1+ 0-1